Simulating wireless communication systems : practical modules in C++ (Record no. 179198)

MARC details
000 -LEADER
fixed length control field 00419nam a2200145Ia 4500
008 - FIXED-LENGTH DATA ELEMENTS--GENERAL INFORMATION
fixed length control field 231217s9999 xx 000 0 und d
041 ## - LANGUAGE CODE
Language code of text/sound track or separate title English
082 ## - DEWEY DECIMAL CLASSIFICATION NUMBER
Classification number 621.384 ROR;1
100 ## - MAIN ENTRY--PERSONAL NAME
Personal name Rorabaugh, C Britton
245 #0 - TITLE STATEMENT
Title Simulating wireless communication systems : practical modules in C++
260 ## - PUBLICATION, DISTRIBUTION, ETC.
Date of publication, distribution, etc. 2004
Name of publisher, distributor, etc. Pearson Education
Place of publication, distribution, etc. New Delhi
300 ## - PHYSICAL DESCRIPTION
Extent xvi+571
500 ## - GENERAL NOTE
General note Content page available
942 ## - ADDED ENTRY ELEMENTS (KOHA)
Koha item type Books
Holdings
Date last seen Total checkouts Full call number Accession number Uniform resource identifier Cost, total (INR) price Price effective from Category Lost status Damaged status Department Withdrawn status Home library Current library Shelving location Entry date Vendor Cost, normal purchase price Grants Billnumber Billdate Currency symbol Conversion rate Discount Old discount
26/01/2024   621.384 ROR;1 45290 digital/contents/45290.pdf 340.00 26/01/2024 Books     CS   Central Library Central Library CS 16/07/2007 Tata Book House 425.00 CS 327 17/09/2008 RS 1 85 20

© For any Suggestions or Query, please contact the library staff @ librarian@pes.edu or Phone: +9180 2672 1983/ 2108.